महावीरप्रसाद द्विवेदी का महत्त्व (Record no. 293611)

MARC details
000 -LEADER
fixed length control field 01010nam a2200265Ia 4500
003 - CONTROL NUMBER IDENTIFIER
control field OSt
005 - DATE AND TIME OF LATEST TRANSACTION
control field 20220923211005.0
008 - FIXED-LENGTH DATA ELEMENTS--GENERAL INFORMATION
fixed length control field 220922b |||||||| |||| 00| 0 hin d
020 ## - INTERNATIONAL STANDARD BOOK NUMBER
International Standard Book Number 8170165997 (hbk)
037 ## - SOURCE OF ACQUISITION
Terms of availability Textual
040 ## - CATALOGING SOURCE
Original cataloging agency ARTS
Transcribing agency ARTS
Language of cataloging hin
041 ## - LANGUAGE CODE
Source of code hin
Language code of text/sound track or separate title hin
100 ## - MAIN ENTRY--PERSONAL NAME
Personal name यायावर, भारत
9 (RLIN) 156911
245 #0 - TITLE STATEMENT
Title महावीरप्रसाद द्विवेदी का महत्त्व
246 ## - VARYING FORM OF TITLE
Title proper/short title hināvīraprasād dvivedī kā hinattva
260 ## - PUBLICATION, DISTRIBUTION, ETC.
Place of publication, distribution, etc. नयी दिल्ली
Name of publisher, distributor, etc. किताबघर प्रकाशन
Date of publication, distribution, etc. 2003
300 ## - PHYSICAL DESCRIPTION
Extent 495पृ.
Dimensions cm.
650 ## - SUBJECT ADDED ENTRY--TOPICAL TERM
Topical term or geographic name entry element हिन्दी साहित्य
9 (RLIN) 156264
942 ## - ADDED ENTRY ELEMENTS (KOHA)
Classification part O152,6M64:g, P3
Koha item type Textual
Source of classification or shelving scheme Colon Classification (CC)
Holdings
Withdrawn status Lost status Damaged status Not for loan Home library Current library Date acquired Source of acquisition Cost, normal purchase price Total Checkouts Full call number Barcode Date last seen Date last checked out Cost, replacement price Price effective from Koha item type
        Arts Library Arts Library 2022-09-23 20310, 22/02/2014, Prashant Book Distributors 600.00 1 O152,6M64:g P3 AL1569563 2026-03-09 2026-02-19 600.00 2022-09-23 Textual
Copyright @ Delhi University Library System